| 000 | 00716cam a22002291 4500 | ||
|---|---|---|---|
| 001 | 6006105 | ||
| 003 | OSt | ||
| 005 | 20230608092618.0 | ||
| 008 | 770630s1947 enk 000 0 eng | ||
| 010 | _a 47004438 | ||
| 035 | _a(OCoLC)3085516 | ||
| 040 |
_aDLC _cTxShA _dOCoLC _dDLC |
||
| 042 | _apremarc | ||
| 082 |
_a572.967615 _bHAY |
||
| 100 | 1 |
_aHayley, Thomas Theodore Steiger, _d1913- |
|
| 245 | 1 | 4 |
_aThe anatomy of Lango religion and groups, _cby T. T. S. Hayley. |
| 260 |
_aCambridge [Eng.] _bThe University Press, _c1947. |
||
| 300 |
_axi, 207 p. _bXII pl., fold. map, diagrs. (1 fold.) _c22 cm. |
||
| 650 | 0 | _aLango (African people) | |
| 906 |
_a7 _bcbc _coclcrpl _du _encip _f19 _gy-gencatlg |
||
| 942 |
_2ddc _cBK |
||
| 999 |
_c831 _d831 |
||